000 00310nam a2200097Ia 4500
082 _a379.110968 ROOY
245 0 _aFinancial management in education in South Africa
100 _a Van Rooyen, J.W. (Jean) Pretoria (South Africa), 2012
_933828
942 _cBK
008 210817s9999 xx 000 0 und d
999 _c123124
_d123124